|
|
|
|
| LEADER |
00000nas a2200000 4500 |
| 001 |
vtls012131566 |
| 003 |
SK-MaSNL |
| 005 |
20260425194207.0 |
| 008 |
220420c20219999xo wr ne 0 b0slo |
| 022 |
|
|
|y 0139-5068
|
| 040 |
|
|
|a SNK
|b slo
|c SNK
|e rda
|
| 041 |
0 |
|
|a slo
|
| 043 |
|
|
|a e-xo---
|
| 044 |
|
|
|a xo
|c SK
|
| 072 |
|
7 |
|a 316
|x Sociológia
|2 konspekt
|
| 072 |
|
7 |
|a 316.7
|x Sociológia kultúry. Kultúrny život
|2 konspekt
|
| 080 |
|
|
|a 316.728
|2 2011
|
| 080 |
|
|
|a 316.72/.75-027.22
|2 2011
|
| 080 |
|
|
|a 796/799
|2 2011
|
| 080 |
|
|
|a 437.641
|2 2011
|
| 080 |
|
|
|a (437.6)
|2 2011
|
| 080 |
|
|
|a (437.613)
|2 2011
|
| 080 |
|
|
|a (051)+(054)(437.6)
|2 2011
|
| 245 |
0 |
0 |
|a MY - Nezávislé noviny pre vašu obec, mesto a región
|b Trenčín, Dubnica nad Váhom, Myjava, Nové Mesto nad Váhom
|
| 246 |
1 |
|
|i Názov v hlavičke:
|a Trenčianske noviny
|
| 246 |
1 |
0 |
|a Trenčín, Dubnica nad Váhom, Myjava, Nové Mesto nad Váhom
|
| 246 |
3 |
3 |
|a Nezávislé noviny pre vašu obec, mesto a región
|
| 246 |
3 |
3 |
|a MY
|
| 264 |
|
1 |
|a Bratislava
|a Nitra
|b Petit Press a.s., divízia týždenníkov, o.z.
|c 2021-
|
| 300 |
|
|
|c 39 cm
|
| 310 |
|
|
|a 1x týždenne
|
| 336 |
|
|
|a text
|b txt
|2 rdacontent
|
| 337 |
|
|
|a bez média
|b n
|2 rdamedia
|
| 338 |
|
|
|a zväzok
|b nc
|2 rdacarrier
|
| 362 |
0 |
|
|a Roč. 1, č. 2 (2021)-
|
| 500 |
|
|
|a ISSN 0139-5068 uvedené v tiráži patrí podľa Národnej agentúry ISSN titulu Trenčianske noviny
|
| 500 |
|
|
|a Evidenčné číslo MK SR: EV 2803/08
|
| 500 |
|
|
|a Titul vychádza v sieti regionálnych novín MY
|
| 500 |
|
|
|a Informácia od vydavateľa: tituly sú rozdelené podľa okresov na dni, kedy vychádzajú
|
| 515 |
|
|
|a Prvé číslo v kalendárnom roku je odvodené odo dňa v týždni, kedy príslušný titul vychádza (t.j. 1 = pondelok, 2 = utorok, 3 = streda, 4 = štvrtok), ku každému nasledujúcemu číslu sa pridáva číslo 4 a čísla vyjadrujú postupnosť 2, 6, 10, 14, ... 26
|
| 525 |
|
|
|a Niektoré čísla obsahujú prílohy s rôznou tematikou
|
| 650 |
0 |
7 |
|a spoločenský život
|2 SNKPH
|9 28654
|
| 650 |
0 |
7 |
|a kultúrny život
|2 SNKPH
|9 3182
|
| 650 |
0 |
7 |
|a šport
|2 SNKPH
|9 1042
|
| 651 |
|
7 |
|a Trenčín (Slovensko)
|2 SNKPHgeo
|9 159956
|
| 651 |
|
7 |
|a Dubnica nad Váhom (Slovensko)
|2 SNKPHgeo
|9 58303
|
| 651 |
|
7 |
|a Myjava (Slovensko)
|2 SNKPHgeo
|9 39468
|
| 651 |
|
7 |
|a Nové Mesto nad Váhom (Slovensko
|2 SNKPHgeo)
|9 28941
|
| 655 |
|
7 |
|a regionálne periodiká
|2 SNKPH
|9 131775
|
| 780 |
0 |
0 |
|t My Trenčianske noviny
|x 0139-5068
|w vtls010299925
|
| 856 |
4 |
1 |
|u www.mytrencin.sk
|
| 910 |
|
|
|a snk
|
| 916 |
|
|
|a 2021-2022
|
| 999 |
|
|
|c 6608
|d 8538
|
| 952 |
|
|
|t č. 2-62 + 8 príl.
|a SNK
|b SNK
|y PREZ
|7 0
|p 17A1520642
|o snkČSA 1531/1/2021
|i snk2023/9997
|8 0
|z Fyzicky obsahuje 16 čísiel ; Prvé číslo v kalendárnom roku je odvodené odo dňa v týždni, kedy príslušný titul vychádza (t.j. 1 = pondelok, 2 = utorok, 3 = streda, 4 = štvrtok), ku každému nasledujúcemu číslu sa pridáva číslo 4 a čísla vyjadrujú postupnosť 2, 6, 10, 14, ... 62 ; Príl.: v č. 10,30 - Magazín zdravia ; v č. 14 - Nové Mesto nad Váhom, Služby v kocke ; v č. 34 - Top zamestnávatelia regiónu ; v č. 50 - Doma v záhrade ; v č. 54 - Slovensko spieva koledy 2021 ; v č. 62 - Vzdelávanie, TV program špeciál
|0 0
|1 0
|4 0
|d 2023-06-22
|l 0
|r 2026-02-21 19:51:46
|w 2026-02-21
|
| 952 |
|
|
|t č. 2-98 + 10 príl.
|a SNK
|b SNK
|y PREZ
|7 0
|p 17A1520641
|o snkČSA 1531/2/2022/1
|i snk2023/10001
|8 0
|z Fyzicky obsahuje 25 čísiel ; Prvé číslo v kalendárnom roku je odvodené odo dňa v týždni, kedy príslušný titul vychádza (t.j. 1 = pondelok, 2 = utorok, 3 = streda, 4 = štvrtok), ku každému nasledujúcemu číslu sa pridáva číslo 4 a čísla vyjadrujú postupnosť 2, 6, 10, 14, ... 98 ; Príl.: v č. 10,46,82 - Magazín zdravia ; v č. 26 - MY trh práce ; v č. 30 - Kompas fanúšika jar 2021/2022 ; v č. 46 - MY pre seniorov ; v č. 62 - Doma v záhrade ; v č. 82 - Myjava ; v č. 90 - MY magazín ; v č. 98 - Leto v kocke
|0 0
|1 0
|4 0
|d 2023-06-22
|l 0
|r 2026-02-21 19:51:46
|w 2026-02-21
|
| 952 |
|
|
|t č. 102-198 + 11 príl.
|a SNK
|b SNK
|y PREZ
|7 0
|p 17A1520640
|o snkČSA 1531/2/2022/2
|i snk2023/10003
|8 0
|z Fyzicky obsahuje 25 čísiel ; Prvé číslo v kalendárnom roku je odvodené odo dňa v týždni, kedy príslušný titul vychádza (t.j. 1 = pondelok, 2 = utorok, 3 = streda, 4 = štvrtok), ku každému nasledujúcemu číslu sa pridáva číslo 4 a čísla vyjadrujú postupnosť 102, 106, 110, 114, ... 198 ; Príl.: v č. 102,118,142 - MY magazín ; v č. 118 - Kompas fanúšika jeseň 2022 ; v č. 122 - Dubnica nad Váhom ; v č. 154 - Zdravie v kocke ; v č. 166 - Kandidáti do VÚC ; v č. 182 - Príďte k nám ; v č. 186 - Práca v kocke ; v č. 194 - Vianoce v kocke ; v č. 198 - TV program špeciál
|0 0
|1 0
|4 0
|d 2023-06-22
|l 0
|r 2026-02-21 19:51:46
|w 2026-02-21
|